000 01366cam a2200397 i 4500
001 27805
003 ARRUPE
005 20160920113915.0
008 800731s1978 enkabcf 001 0aeng
010 _a 80461143
015 _aGB78-38131
020 _a0237503670 :
_c£6.95
035 _a(OCoLC)4740527
035 _a(OCoLC)ocm04740527
035 _a(CStRLIN)NYCG17440505-B
035 _a(NNC)27805
040 _dNNC
_dCStRLIN
_dNNC
_cArrupe
043 _af-rh---
050 0 _aDT962.76.M88
_bA37 1978b
082 _a968.9/1/040924
_aB
090 _aDT962.76.M88
_bA37 1978b
100 1 _aMuzorewa, Abel Tendekayi,
_d1925-2010.
_925959
245 1 0 _aRise up and walk :
_ban autobiography /
_c[by] Bishop Abel Tendekai Muzorewa ; edited by Norman E. Thomas.
260 _aLondon :
_bEvans Books,
_c1978.
300 _a[1], xii, 289 p., [16] p. of plates :
_bill., map, ports. ;
_c23 cm.
500 _aIncludes index.
600 1 0 _aMuzorewa, Abel Tendekayi,
_d1925-2010.
_925959
650 2 0 _aMethodist Church
_xBishops
_vBiography.
_925960
650 0 _aStatesmen
_zZimbabwe
_vBiography.
_925961
650 0 _aBishops
_zZimbabwe
_vBiography.
_925962
651 0 _aZimbabwe
_xPolitics and government
_y1965-1979.
_925963
651 0 _aZimbabwe
_xChurch history.
_925670
700 1 _aThomas, Norman E.
_925964
942 _2lcc
_cMONOGRAPH
999 _c125285
_d125285